Ground improvement / (Record no. 530141)
[ view plain ]
| 000 -LEADER | |
|---|---|
| fixed length control field | 00891cam a2200277 i 4500 |
| 001 - CONTROL NUMBER | |
| control field | 17429056 |
| 005 - DATE AND TIME OF LATEST TRANSACTION | |
| control field | 20191010192052.0 |
| 008 - FIXED-LENGTH DATA ELEMENTS--GENERAL INFORMATION | |
| fixed length control field | 120814s2013 flua b 001 0 eng |
| 010 ## - LIBRARY OF CONGRESS CONTROL NUMBER | |
| LC control number | 2012031623 |
| 020 ## - INTERNATIONAL STANDARD BOOK NUMBER | |
| International Standard Book Number | 9780415599214 (hardback : alk. paper) |
| 040 ## - CATALOGING SOURCE | |
| Transcribing agency | DLC |
| 082 00 - DEWEY DECIMAL CLASSIFICATION NUMBER | |
| Classification number | 624.151363 |
| Author Mark | KIR |
| 100 ## - MAIN ENTRY--PERSONAL NAME | |
| Personal name | Kirsch, Klaus |
| 9 (RLIN) | 13079 |
| 245 00 - TITLE STATEMENT | |
| Title | Ground improvement / |
| Statement of responsibility, etc. | edited by Klaus Kirsch and Alan Bell. |
| 250 ## - EDITION STATEMENT | |
| Edition statement | Third edition. |
| 264 #1 - PRODUCTION, PUBLICATION, DISTRIBUTION, MANUFACTURE, AND COPYRIGHT NOTICE | |
| Place of production, publication, distribution, manufacture | Boca Raton : |
| Name of producer, publisher, distributor, manufacturer | CRC Press, Taylor & Francis Group, |
| Date of production, publication, distribution, manufacture, or copyright notice | [2013] |
| 300 ## - PHYSICAL DESCRIPTION | |
| Extent | ix, 501 pages : |
| Other physical details | illustrations ; |
| Dimensions | 24 cm |
| 500 ## - GENERAL NOTE | |
| General note | "A Spon Press book"--Cover. |
| 504 ## - BIBLIOGRAPHY, ETC. NOTE | |
| Bibliography, etc. note | Includes bibliographical references and index. |
| 650 #0 - SUBJECT ADDED ENTRY--TOPICAL TERM | |
| Topical term or geographic name entry element | Soil stabilization. |
| 9 (RLIN) | 13080 |
| 650 #0 - SUBJECT ADDED ENTRY--TOPICAL TERM | |
| Topical term or geographic name entry element | Soil consolidation. |
| 9 (RLIN) | 23494 |
| 650 #0 - SUBJECT ADDED ENTRY--TOPICAL TERM | |
| Topical term or geographic name entry element | Grouting. |
| 9 (RLIN) | 23495 |
| 700 1# - ADDED ENTRY--PERSONAL NAME | |
| Personal name | Kirsch, Klaus. |
| 9 (RLIN) | 13079 |
| 700 1# - ADDED ENTRY--PERSONAL NAME | |
| Personal name | Bell, A. L. |
| 9 (RLIN) | 23496 |
| 942 ## - ADDED ENTRY ELEMENTS (KOHA) | |
| Source of classification or shelving scheme | |
| Koha item type | Book |
| Withdrawn status | Lost status | Source of classification or shelving scheme | Damaged status | Not for loan | Permanent Location | Current Location | Date acquired | Total Checkouts | Total Renewals | Full call number | Barcode | Date last seen | Date last checked out | Price effective from | Koha item type |
|---|---|---|---|---|---|---|---|---|---|---|---|---|---|---|---|
| School of Civil and Environmental Engineering (SCEE) | School of Civil and Environmental Engineering (SCEE) | 10/10/2019 | 1 | 1 | 624.151363 KIR | NIT-12628 | 11/07/2024 | 10/10/2019 | 10/10/2019 | Book |
